000 00738nam a2200193Ia 4500
003 GCL
008 140319s9999 xx 000 0 ara d
020 _a4219209960
040 _aGCL /
_cGCL
082 0 4 _a410
_bص ص
100 1 _aالصرصرى، سليمان بن عبدالقوى بن الكريم الطوخى
245 1 0 _aالصعقة الغضبية فى الرد على منكرى العربية /
_cالصرصرى، سليمان بن عبدالقوى بن الكريم الطوخى
250 _aالاولى
260 _aالرياض :
_bمكتبة العبيكان ،
_c1997
300 _a728 ص ؛
_c24 سم
650 0 4 _aاللغة العربية
650 0 4 _aاللغة العربية - تاريخ
942 _2ddc
_cBK
999 _c4442
_d4442